[Event "Interprovinciale 2023"]
[Site "?"]
[Date "2023.04.25"]
[Round "6"]
[White "De Paolis, Diego"]
[Black "Di Mantino, Mauro"]
[Result "0-1"]
[WhiteElo "1762"]
[BlackElo "1887"]
[PlyCount "158"]
[EventDate "2023.??.??"]
[SourceDate "2023.04.30"]

1. b3 e5 2. Bb2 Nc6 3. e3 d6 4. c4 Nf6 5. Be2 Bf5 6. a3 Be7 7. Nf3 h6 8. d4 e4
9. Nfd2 O-O 10. Nc3 Re8 11. Qc2 Bf8 12. O-O-O Qd7 13. h3 Nxd4 14. exd4 e3 15.
Bd3 Bxd3 16. Qxd3 exd2+ 17. Rxd2 d5 18. cxd5 Nxd5 19. Qf3 Nxc3 20. Qxc3 Qd5 21.
Rg1 Re6 22. Kb1 Bd6 23. Qc4 c6 24. Qxd5 cxd5 25. Rc2 Rae8 26. g3 Kf8 27. a4 Ke7
28. Ka2 Kd7 29. Rgc1 Re1 30. Rxe1 Rxe1 31. Ba3 Bxa3 32. Kxa3 Rd1 33. Kb4 Rxd4+
34. Kc5 Rd1 35. b4 d4 36. Rc4 d3 37. Rd4+ Ke6 38. Kc4 d2 39. Kd3 f5 40. Kc2 Ra1
41. Rxd2 Rxa4 42. Kb3 Ra1 43. Kc4 g5 44. Re2+ Kf6 45. Kd5 Rd1+ 46. Kc5 Rd3 47.
Ra2 a6 48. Kb6 Rd7 49. Rc2 Rd4 50. Kxb7 Rxb4+ 51. Kxa6 Kg6 52. Ka5 Rb3 53. g4
fxg4 54. hxg4 Rf3 55. Rc6+ Rf6 56. Rc2 Rf4 57. Rc6+ Kg7 58. Rc7+ Kf6 59. Rc6+
Ke5 60. Rxh6 Rxf2 61. Rg6 Kf4 62. Rf6+ Kg3 63. Rf5 Ra2+ 64. Kb4 Kxg4 65. Rf8
Rc2 66. Rg8 Kf4 67. Kb3 Rc7 68. Rf8+ Kg3 69. Rg8 g4 70. Rg6 Kf3 71. Rf6+ Kg2
72. Rg6 g3 73. Rg8 Kf2 74. Rf8+ Kg1 75. Rg8 g2 76. Rg6 Rf7 77. Rc6 Rh7 78. Rc1+
Kh2 79. Rc2 Kh1 0-1